SIAM journal on numerical analysis a publication of the Society of Industrial and Applied Mathematics.
Αποθηκεύτηκε σε:
| Συγγραφή απο Οργανισμό/Αρχή: | |
|---|---|
| Μορφή: | Περιοδική έκδοση |
| Γλώσσα: | English |
| Δημοσίευση: |
Philadelphia :
The Society for Industrial and Applied Mathematics,
1966-
|
| Θέματα: | |
| Ετικέτες: |
Προσθήκη ετικέτας
Δεν υπάρχουν, Καταχωρήστε ετικέτα πρώτοι!
|
MARC
| LEADER | 00000cas a2200000 i 4500 | ||
|---|---|---|---|
| 001 | 1/30765 | ||
| 008 | 030117c19669999 eng | ||
| 022 | |a 0036-1429 | ||
| 035 | |l 10069038 | ||
| 040 | |a GR-MyUa |b gre |e AACR2 | ||
| 041 | 0 | |a eng | |
| 082 | 7 | |a 519.05 |2 (22) | |
| 245 | 1 | 0 | |a SIAM journal on numerical analysis |h [περιοδικό] : |b a publication of the Society of Industrial and Applied Mathematics. |
| 260 | |a Philadelphia : |b The Society for Industrial and Applied Mathematics, |c 1966- | ||
| 300 | |a v.; |b ill.; |c 23-26 cm. | ||
| 310 | |a Bimonthly, 1973- | ||
| 650 | 0 | |a Numerical analysis |x Periodicals. | |
| 650 | 0 | |a Numerical calculations |x Periodicals. | |
| 710 | 2 | |a Society for Industrial and Applied Mathematics. | |
| 922 | |a 3ΕΛΗ |b 198602 |c ΚΕΝΤΡΙΚΗ ΒΙΒΛΙΟΘΗΚΗ |d BUMBUS | ||